000 00630cam a2200241 4500
001 3734
003 http://id.bnportugal.gov.pt/bib/porbase/1080687
005 20200419184956.0
010 _a9729688788
021 _aPT
_b171495/01
035 _a(bn)1080687
090 _a3734
100 _a20020405d2000 ma y0pory5003 ba
105 _aa z 001yy
106 _ar
200 1 _aO Pai-Nosso
_etintim por tintim
_fPe. Joãozinho, SCJ
210 _aLisboa
_cPneuma, 2ªed.
_dcop. 2000
215 _a39 p
_cil.
_d17 cm
600 _aPe. Joãozinho,
601 _aPneuma
675 _a27-29
_vBN
_zpor
700 0 _aJoãozinho
_cPadre
942 _cBK